[Event "Biel ATO op 52nd"]
[Site "Biel"]
[Date "2019.07.24"]
[Round "3"]
[White "Meier, Franz"]
[Black "Wuethrich, Stefan"]
[Result "1-0"]
[WhiteElo "1880"]
[BlackElo "1589"]
[PlyCount "63"]
[EventDate "2019.07.20"]
[EventType "swiss"]
[EventRounds "9"]
[EventCountry "SUI"]
[SourceTitle "EXT 2020"]
[Source "ChessBase"]
[SourceDate "2019.10.17"]
[SourceVersion "1"]
[SourceVersionDate "2019.10.17"]
[SourceQuality "1"]

1. e4 e5 2. Nf3 Nc6 3. d4 exd4 4. Bc4 Nf6 5. e5 Qe7 6. 0-0 Ng4 7. Bf4 g6 8. c3 Na5 9. Bd5 c6 10. Bg5 Qc5 11. Bxf7+ Kxf7 12. b4 Qd5 13. bxa5 Nxe5 14. Nxe5+ Qxe5 15. Qxd4 Qxd4 16. cxd4 Bg7 17. Be3 d5 18. Nc3 Bf5 19. Na4 Rhe8 20. Rac1 Bf8 21. a6 bxa6 22. Rxc6 Kg8 23. Rc7 Rec8 24. Rfc1 Bd6 25. Rxc8+ Rxc8 26. Nc5 Rb8 27. Nxa6 Rb2 28. a4 Rc2 29. Rxc2 Bxc2 30. a5 Bd3 31. Nc5 Kf7 32. Nxd3 1-0